000 00309nam a22001337a 4500
008 181204b xxu||||| |||| 00| 0 eng d
020 _a0801626838
041 _aeng
080 _a615.83
100 _a8
101 _aEKZ
245 _aModern Principles Athletics Training
_cDaniel.d.a
942 _2udc
_cBK
999 _c52764
_d52764